[Event "Longueuil CC ch"]
[Site "Longueuil"]
[Date "2007.01.13"]
[Round "2"]
[White "Kraiouchkine, Nikita"]
[Black "Dumont, Pierre"]
[Result "1-0"]
[WhiteElo "1856"]
[BlackElo "1275"]
[PlyCount "73"]
[EventDate "2007.01.??"]
[EventType "swiss"]
[EventRounds "5"]
[EventCountry "CAN"]
[SourceTitle "EXT 2022"]
[Source "ChessBase"]
[SourceDate "2021.10.06"]
[SourceVersion "1"]
[SourceVersionDate "2021.10.06"]
[SourceQuality "1"]

1. e4 c6 2. d4 d5 3. exd5 cxd5 4. c4 Nf6 5. Nc3 e6 6. Nf3 Nc6 7. Bg5 Be7 8. Rc1 0-0 9. Bd3 Nb4 10. Bb1 dxc4 11. 0-0 a6 12. Ne5 b5 13. a3 Nbd5 14. Nc6 Qd7 15. Nxe7+ Qxe7 16. Nxd5 exd5 17. Qf3 Be6 18. Rfe1 Qd8 19. Qg3 h6 20. Bxh6 Ng4 21. Bf4 f5 22. Rxe6 Qd7 23. Rce1 Rae8 24. Rxe8 Rxe8 25. Rxe8+ Qxe8 26. Be5 Qf7 27. h3 Nxe5 28. Qxe5 g6 29. Bc2 a5 30. Bd1 Kh7 31. Bf3 Qb7 32. Bxd5 Qc8 33. Be6 Qe8 34. d5 b4 35. axb4 axb4 36. h4 Qe7 37. Bg8+ 1-0